Las propuestas de Ronald Reagan para América /
Guardado en:
| Hovedforfatter: | |
|---|---|
| Format: | Texto |
| Sprog: | Spanish |
| Fag: | |
| Tags: |
Tilføj Tag
Ingen Tags, Vær først til at tagge denne postø!
|
MARC
| LEADER | 00000 a a2200000 04500 | ||
|---|---|---|---|
| 001 | 18005 | ||
| 003 | cru CIDCACS/IIS | ||
| 005 | 20191125095302.0 | ||
| 008 | 191122b ||||| |||| 00| 0 spa d | ||
| 999 | |c 42634 |d 42634 | ||
| 040 | |c cru CIDCACS/IIS | ||
| 100 | |a Cancino, Hugo | ||
| 245 | 0 | 4 | |a Las propuestas de Ronald Reagan para América / |c CIDE-México |
| 300 | |a páginas 542-543 | ||
| 650 | 0 | |a POLITICA |9 3691 | |
| 650 | 0 | |a DERECHOS HUMANOS |9 38 | |
| 650 | 0 | |a DERECHA |9 5736 | |
| 651 | 0 | |9 17 |a AMERICA LATINA | |
| 773 | 0 | |0 42391 |9 3861 |a Agencia Latinoamericana de Información, ALAI |d Quito, Ecuador: ALAI |o 04412 |t ALAI: |x 08275564 (Servicio mensual de información y documentación) | |
| 942 | |2 ddc |c PP | ||
